00558nam a2200145Ia 4500008004100000020001800041082002500059100003700084245015900121250001600280260002700296300001100323500005000334650002800384120622s9999 xx 000 0 und d a970-10-1124-4 a302.2242 M478co 2000 aMcEntee de Madero, Eileen, 1942- aComunicación oral para el liderazgo en el mundo moderno / Eileen McEntee de Madero ; rev. técnica Carlos Fernández Collado, Beatriz Angeles Ricaño aactualizada aMéxico : McGraw-Hill a751 p. aIncluye bibliografía e índice analítico a1. COMUNICACION ORALÌ